Cómo diseña el científico una investigación (Registro nro. 9142)

Detalles MARC
000 -ENCABEZADO
Número de control [NR] 00745nam a2200193Ia 4500
005 - FECHA Y HORA DE LA ÚLTIMA TRANSACCIÓN
control field 20240311133254.0
008 - DE LONGITUD FIJA DE DATOS DE ELEMENTOS - INFORMACIÓN GENERAL
Elementos de longitud fija [NR] 130821s ck gr spa
040 ## - FUENTE DE CATALOGACION [NR]
Agencia de catalogación original [NR] Co-BoUCM
Idioma de catalogación [NR] spa
Quien Cataloga David Moreno (modificó)
Quien Clasifica David Moreno (modificó)
041 ## - CODIGO DE IDIOMA [R]
Código de idioma para texto/pista de sonido o título separado [R] Español
100 1# - ASIENTO PRINCIPAL--NOMBRE PERSONAL [NR]
Nombre personal [NR] Borrero, Luis M.
ID Autoridad 155643
245 10 - MENCION DE TITULO [NR]
Título [NR] Cómo diseña el científico una investigación
Mención de responsabilidad, etc. [NR] Luis M.Borrero.
260 ## - PUBLICACION, DISTRIBUCION, ETC. (PIE DE IMPRENTA) [R]
Lugar de publicación, distribución, etc. [R] Cali (Valle, Colombia)
Nombre del editor, distribuidor, etc. [R] Fundación para la Educación Superior y el Desarrollo, Colombia
Fecha de publicación, distribución, etc. [R] 1976
300 ## - DESCRIPCION FISICA [R]
Extensión [R] 190 páginas
650 04 - ASIENTO SECUNDARIO DE MATERIA - TERMINO TEMATICO [R]
Término temático o nombre geográfico como elemento de entrada [NR] Investigación científica
9 (RLIN) 17977
650 04 - ASIENTO SECUNDARIO DE MATERIA - TERMINO TEMATICO [R]
Término temático o nombre geográfico como elemento de entrada [NR] Investigación
9 (RLIN) 17968
650 04 - ASIENTO SECUNDARIO DE MATERIA - TERMINO TEMATICO [R]
Término temático o nombre geográfico como elemento de entrada [NR] Metodología de la investigación
9 (RLIN) 19435
942 ## - ELEMENTOS DE ENTRADA AGREGADOS (KOHA)
Tipo de ítem principal el descrito en 300a Libro
Tema principal Generalidades
Edición 1
Parte restante de la signatura top. B737c
Sistema de clasificación DEWEY
Clasificación 001.42
Existencias
Fecha de último préstamo Total préstamos Total Renewals Signatura topográfica Código de barras Última vez visto Ejemplar Price effective from Tipo de ítem Nota pública (OPAC) Perdido Sistema de clasificación Dañado No prestable Tipo de ítem específico Suprimido Ubicación habitual Ubicación actual Localización Fecha de creación Forma de adquisición Costo
25/07/2019 6 1 001.42 B737c 100012972 03/12/2025 Ej.1 03/02/2013 Libro Spot de Investigación   DEWEY     Libro   Claustro Claustro 3er piso - Research commons 28/02/2003 Donación 70.00